|
|
|
|
| LEADER |
00000nab a2200000uu 4500 |
| 001 |
vtls010883509 |
| 003 |
SK-MaSNL |
| 005 |
20260303145058.0 |
| 008 |
230222|1961 xo |||||||||||||||||slo| |
| 015 |
|
|
|a SNBRB
|
| 035 |
|
|
|a (urnnbn)urn:nbn:sk:snk:ar-0025jn
|
| 035 |
|
|
|a (uuid)1cb81538-b5f9-4683-972b-7d1cc2fb98c2
|
| 035 |
|
|
|a urn:nbn:sk:snk-ab8f0s
|
| 040 |
|
|
|a SNKBUCL
|b slo
|c SNKBUCL
|e AACR2
|
| 041 |
0 |
|
|a slo
|
| 044 |
|
|
|a xo
|c SK
|
| 100 |
1 |
|
|a dš
|4 aut
|9 878893
|
| 245 |
1 |
0 |
|a ZO ŽIVOTA SVÄZU SLOVENSKÝCH SKLADATEĽOV
|c Dš
|
| 773 |
0 |
|
|t Slovenská hudba : revue pre hudobnú kultúru
|g Roč. 5, č. 11 (1961), s. 499-500
|
| 954 |
|
|
|a odborná, vedecká literatúra pôvodná (slovenská)
|2 lita
|
| 958 |
|
|
|a OND
|
| 958 |
|
|
|a EUIPO
|
| 958 |
|
|
|a article10
|
| 999 |
|
|
|c 2000304
|d 2002234
|